| 000 | 00437pab a2200169 454500 | ||
|---|---|---|---|
| 008 | 180718b1984 xxu||||| |||| 00| 0 eng d | ||
| 100 | _aBinswanger, Hans P. | ||
| 245 | _aThe demand for food and foodgrain quality in India | ||
| 260 | _c1984 | ||
| 300 | _a73-96 | ||
| 362 | _aApr.-June | ||
| 650 | _aFood Supply - India | ||
| 700 | _aGurushri Swamy | ||
| 700 | _aJaime B. Quizon | ||
| 773 | _aIndian Economic Journal | ||
| 909 | _a8615 | ||
| 999 |
_c8615 _d8615 |
||